Optimalizácia tlmenia odpruženia vozidla pre zvýšenie kvality pohodlia pasažierov

Salvato in:
Dettagli Bibliografici
Autore principale: Leckéši, Lukáš (Autore)
Altri autori: Havelka, Ferdinand (Relatore della tesi)
Natura: Manoscritto Libro
Lingua:slovacco
Pubblicazione: 2015
Soggetti:
Accesso online:http://is.stuba.sk/zp/portal_zp.pl?podrobnosti=99490
Tags: Aggiungi Tag
Nessun Tag, puoi essere il primo ad aggiungerne!!

MARC

LEADER 00000ntm a22000003a 4500
001 stuzp53842
003 SK-STU
005 20160719154604.2
007 ta
008 150427s2015----xo-----f-mn---000-0-slo-d
040 |a STU  |b slo 
041 0 |a slo 
100 1 |a Leckéši, Lukáš  |u 020010  |4 aut  |U SjF Strojnícka fakulta  |T SjF Ústav aplikovanej mechaniky a mechatroniky  |X 55294  |U J0010  |Y 801  |7 55294 
242 0 1 |a Optimization of Vehicle Suspension Damping to Increase the Passenger Comfort.  |y eng 
245 1 0 |a Optimalizácia tlmenia odpruženia vozidla pre zvýšenie kvality pohodlia pasažierov 
260 |c 2015 
650 4 |a pružina  |2 slo 
650 4 |a tlmič  |2 slo 
650 4 |a cieľová funkcia  |2 slo 
650 4 |a komfort  |2 slo 
650 4 |a kmitanie  |2 slo 
650 4 |a simulácie  |2 slo 
650 4 |a simulations  |2 eng 
650 4 |a oscillation  |2 eng 
650 4 |a spring  |2 eng 
650 4 |a damper  |2 eng 
650 4 |a objective function  |2 eng 
650 4 |a comfort  |2 eng 
700 1 |a Havelka, Ferdinand  |4 ths  |X 14040  |7 A000014040 
856 4 |u http://is.stuba.sk/zp/portal_zp.pl?podrobnosti=99490 
SQL |a stuzp53842  |b DBP  |c SLO  |d Optimalizácia tlmenia odpruženia vozidla pre zvýšenie kvality pohodlia pasažierov  |e 55294  |f Leckéši, Lukáš  |g 020010  |h 14040  |i Havelka, Ferdinand  |j 20150616  |k 645  |l 02  |m http://is.stuba.sk/zp/portal_zp.pl?podrobnosti=99490  |n B-AMAM  |o 5.1.7. aplikovaná mechanika, 5.2.16. mechatronika